The science of complexity in the tourism domain: a perspective article; Tourism Review; Vol. 75, iss.1

Chi tiết về thư mục
Parent link:Tourism Review
Vol. 75, iss.1.— 2019.— [P. 16-19]
Tác giả chính: Baggio R. Rodolfo
Tác giả của công ty: Национальный исследовательский Томский политехнический университет Школа базовой инженерной подготовки Отделение социально-гуманитарных наук
Tóm tắt:Title screen
This paper aims to examine the complexity science approach to the tourism domain.
Режим доступа: по договору с организацией-держателем ресурса
Ngôn ngữ:Tiếng Anh
Được phát hành: 2019
Những chủ đề:
Truy cập trực tuyến:https://doi.org/10.1108/TR-04-2019-0115
Định dạng: MixedMaterials Điện tử Chương của sách
KOHA link:https://koha.lib.tpu.ru/cgi-bin/koha/opac-detail.pl?biblionumber=662324

MARC

LEADER 00000naa0a2200000 4500
001 662324
005 20250407154129.0
035 |a (RuTPU)RU\TPU\network\33461 
035 |a RU\TPU\network\30352 
090 |a 662324 
100 |a 20200716d2019 k||y0rusy50 ba 
101 0 |a eng 
135 |a drcn ---uucaa 
181 0 |a i  
182 0 |a b 
200 1 |a The science of complexity in the tourism domain: a perspective article  |f R. Baggio 
203 |a Text  |c electronic 
300 |a Title screen 
330 |a This paper aims to examine the complexity science approach to the tourism domain. 
333 |a Режим доступа: по договору с организацией-держателем ресурса 
461 |t Tourism Review 
463 |t Vol. 75, iss.1  |v [P. 16-19]  |d 2019 
610 1 |a электронный ресурс 
610 1 |a труды учёных ТПУ 
610 1 |a complexity science 
610 1 |a network science 
610 1 |a tourism domain 
610 1 |a туризм 
700 1 |a Baggio  |b R.  |c Italian expert, philosopher  |c Professor of Tomsk Polytechnic University, candidate of philosophical Sciences  |f 1951-  |g Rodolfo  |3 (RuTPU)RU\TPU\pers\39762 
712 0 2 |a Национальный исследовательский Томский политехнический университет  |b Школа базовой инженерной подготовки  |b Отделение социально-гуманитарных наук  |3 (RuTPU)RU\TPU\col\23512 
801 2 |a RU  |b 63413507  |c 20200716  |g RCR 
856 4 |u https://doi.org/10.1108/TR-04-2019-0115 
942 |c CF